000
00278nam a22001217a 4500
008
170609b xxu||||| |||| 00| 0 eng d
041
_a
eng
080
_a
32
100
_a
19
101
_a
SHP
245
_a
THE GOOD SOCIETY COMPORATIVE POLITUCS
_c
DRAPER.A
942
_2
udc
_c
BK
999
_c
16787
_d
16787